|
|
|
|
| LEADER |
01051nam a2200265 a 4500 |
| 001 |
12445674 |
| 008 |
090707s1973 nyu 000 1 eng d |
| 010 |
|
|
|a 2001271463
|
| 020 |
|
|
|a 0452263492
|
| 040 |
|
|
|a DLC
|c DLC
|d DLC
|
| 082 |
0 |
0 |
|a 813/.54
|2 21
|
| 100 |
1 |
|
|a Morrison, Toni.
|
| 245 |
1 |
0 |
|a Sula /
|c Toni Morrison.
|
| 260 |
|
|
|a New York :
|b Plume,
|c 1973
|
| 300 |
|
|
|a 174 p.
|c 21 cm.
|
| 541 |
1 |
|
|e 00010403
|
| 650 |
|
0 |
|a African American women
|v Fiction.
|
| 650 |
|
0 |
|a City and town life
|v Fiction.
|
| 650 |
|
0 |
|a Female friendship
|v Fiction.
|
| 651 |
|
0 |
|a Ohio
|v Fiction.
|
| 655 |
|
7 |
|a Domestic fiction.
|2 lcsh
|
| 852 |
4 |
|
|a Ayesha Abed Library
|j General shelf
|
| 999 |
|
|
|c 2123
|d 2123
|
| 952 |
|
|
|0 0
|1 4
|2 ddc
|4 0
|6 813_540000000000000_MOR
|7 0
|9 1953
|a BRACUL
|b BRACUL
|c GEN
|d 2009-07-07
|g 0.00
|l 0
|o 813.54 MOR
|p 3010010403
|r 2009-07-07
|t 1
|w 2009-07-07
|y BK
|x No price found in the accession register.
|
| 952 |
|
|
|0 0
|1 0
|2 ddc
|4 1
|6 813_000000000000000__54_MOR_1973
|7 0
|9 9393
|a BRACUL
|b BRACUL
|c SPS
|d 2010-04-22
|l 1
|m 1
|o 813.54 MOR
|p 3010010405
|r 2011-07-23
|s 2011-07-12
|t 2
|w 2010-04-22
|y BK
|